ARRUPE JESUIT UNIVERSITY

CORONAVIRUS -STOP THE SPREAD - CLEAN,DISINFECT,COVER

The cultural politics of emotion / (Record no. 129320)

MARC details
000 -LEADER
fixed length control field 01362cam a2200361 a 4500
001 - CONTROL NUMBER
control field 15095949
003 - CONTROL NUMBER IDENTIFIER
control field ARRUPE
005 - DATE AND TIME OF LATEST TRANSACTION
control field 20190329115208.0
008 - FIXED-LENGTH DATA ELEMENTS--GENERAL INFORMATION
fixed length control field 071128s2004 nyu b 001 0 eng d
010 ## - LIBRARY OF CONGRESS CONTROL NUMBER
LC control number 2007282309
020 ## - INTERNATIONAL STANDARD BOOK NUMBER
International Standard Book Number 041597254X (hardcover)
020 ## - INTERNATIONAL STANDARD BOOK NUMBER
International Standard Book Number 9780415972543 (hardcover)
020 ## - INTERNATIONAL STANDARD BOOK NUMBER
International Standard Book Number 0415972558 (pbk.)
020 ## - INTERNATIONAL STANDARD BOOK NUMBER
International Standard Book Number 9780415972550 (pbk.)
035 ## - SYSTEM CONTROL NUMBER
System control number (OCoLC)ocm56619885
040 ## - CATALOGING SOURCE
Original cataloging agency MIA
Transcribing agency MIA
Modifying agency OCL
-- BAKER
-- NLGGC
-- YDXCP
-- BTCTA
-- DLC
042 ## - AUTHENTICATION CODE
Authentication code lccopycat
050 00 - LIBRARY OF CONGRESS CALL NUMBER
Classification number BF531
Item number .A585 2004
082 00 - DEWEY DECIMAL CLASSIFICATION NUMBER
Classification number 152.4
Edition number 22
084 ## - OTHER CLASSIFICATION NUMBER
Classification number 73.85
Source of number bcl
300 ## - PHYSICAL DESCRIPTION
Dimensions 24 cm.
100 1# - MAIN ENTRY--PERSONAL NAME
Personal name Ahmed, Sara,
Dates associated with a name 1969-
9 (RLIN) 45598
245 14 - TITLE STATEMENT
Title The cultural politics of emotion /
Statement of responsibility, etc Sara Ahmed.
260 ## - PUBLICATION, DISTRIBUTION, ETC. (IMPRINT)
Place of publication, distribution, etc New York :
Name of publisher, distributor, etc Routledge,
Date of publication, distribution, etc 2004.
300 ## - PHYSICAL DESCRIPTION
Extent vii, 224 p. ;
504 ## - BIBLIOGRAPHY, ETC. NOTE
Bibliography, etc Includes bibliographical references (p. [204]-216) and index.
650 #0 - SUBJECT ADDED ENTRY--TOPICAL TERM
Topical term or geographic name as entry element Emotions
General subdivision Social aspects.
9 (RLIN) 45599
650 #0 - SUBJECT ADDED ENTRY--TOPICAL TERM
Topical term or geographic name as entry element Political psychology.
9 (RLIN) 45600
650 #0 - SUBJECT ADDED ENTRY--TOPICAL TERM
Topical term or geographic name as entry element Political culture.
9 (RLIN) 18975
856 42 - ELECTRONIC LOCATION AND ACCESS
Materials specified Publisher description
Uniform Resource Identifier <a href="http://www.loc.gov/catdir/enhancements/fy0808/2007282309-d.html">http://www.loc.gov/catdir/enhancements/fy0808/2007282309-d.html</a>
906 ## - LOCAL DATA ELEMENT F, LDF (RLIN)
a 7
b cbc
c copycat
d 2
e ncip
f 20
g y-gencatlg
942 ## - ADDED ENTRY ELEMENTS (KOHA)
Source of classification or shelving scheme Library of Congress Classification
Koha item type Monograph ( Printed materials)
Holdings
Withdrawn status Lost status Source of classification or shelving scheme Damaged status Not for loan Collection code Home library Current library Shelving location Date acquired Total Checkouts Full call number Barcode Date last seen Price effective from Koha item type
    Library of Congress Classification     Main Collection ARRUPE LIBRARY ARRUPE LIBRARY Main Collection 29/03/2019   BF531 .A585 2004 46600004396 08/10/2019 29/03/2019 Monograph ( Printed materials)

 

Arrupe Library. PO Box MP320 Mt Pleasant, Harare, Zimbabwe
263 242 745411|librarian@aju.ac.zw